| 000 | 00540nam a2200217Ia 4500 | ||
|---|---|---|---|
| 003 | OSt | ||
| 005 | 20140311163058.0 | ||
| 008 | 140130s9999 xx 000 0 und d | ||
| 020 | _a0590442929 | ||
| 050 |
_aPZ 7 _b.B7633Cm 1985 |
||
| 100 |
_aBridwell, Norman _923197 |
||
| 245 |
_aClifford's good deeds / _cBridwell, Norman |
||
| 260 |
_bScholastic, _c1985. _aNew York : |
||
| 300 |
_a20 p. : _bcol. ill. ; _c19 cm. |
||
| 440 |
_v1 _931174 |
||
| 521 | _aG2 | ||
| 526 | _c410 | ||
| 942 |
_cBK _2lcc |
||
| 999 |
_c40260 _d40260 |
||